| 000 | 00394nam a2200145Ia 4500 | ||
|---|---|---|---|
| 008 | 210210b2005 xxu||||| |||| 00| 0 eng d | ||
| 020 | _a81 88646 00 8 | ||
| 082 | _a541.3 PURP | ||
| 100 | _aPURI (B R) and Others. | ||
| 245 | _aPrinciples of physical chemistry. | ||
| 260 |
_aJalandhar _bVishal Publishing Co. _c2005 |
||
| 300 | _aviii,1172 | ||
| 690 | _aPhysical Chemistry | ||
| 906 | _a060738 | ||
| 999 |
_c107904 _d107904 |
||